00331nam a2200121Ia 4500008004100000040001600041041001200057082001900069100002200088245003500110260004800145300001600193230917s9999||||xx |||||||||||||| ||und|| e79235aMAIN aEnglish a343.0929 B469I aBharucha, Naushir 0aIndian electricity rules, 1956 aBombaybBombay Presidency Associationc1966 axii, 635 p.